00838nam a22001337a 4500008004100000020002900041050001400070100002200084245008400106260003100190300002900221505043800250650001600688111212t xxu||||| |||| 00| 0 eng d a0393092267 9780393092264 aHB172.P73 aMansfield, Edwin. aStudy guide for economics, principles, problems, decisions. /cEdwin, Mansfield aNew York :bNorton,c1975. a467 p. :b ill.c 24 cm. aContents: Introduction to economics -- The Private sector and the public sector : An Overview -- National output, income, and employment -- Money, banking and stabilization policy -- Economic growth and the environment -- Consumer behaviour and business decison making -- Market structure and antitrust policy -- Distribution of income and general equilibrium -- International economics -- Answers to discussion and review questions. aEconomics.